Normal view
MARC view
Entry Personal Name
001 - CONTROL NUMBER
- control field: 3337
003 - CONTROL NUMBER IDENTIFIER
- control field: OSt
005 - DATE AND TIME OF LATEST TRANSACTION
- control field: 20221003073647.0
008 - FIXED-LENGTH DATA ELEMENTS
- fixed length control field: 221003|| aca||aabn | a|a d
040 ## - CATALOGING SOURCE
- Original cataloging agency: OSt
- Transcribing agency: OSt
100 ## - HEADING--PERSONAL NAME
- Personal name: Slanička, Michal,
- Dates associated with a name: 1980-
670 ## - SOURCE DATA FOUND
- Source citation: Work cat.: (OSt)0: Slanička, Michal, 1980- aut, Na Vianoce mi nevolajte